Представление документа в формате RUSMARC

ПолеНазваниеЗначение
  Тип записи a
  Библиографический уровень m
001 Контрольный номер 07409449117b4a35bc5fb51488fc7680
005 Дата корректировки 20241122151917.6
010 Индекс ISBN __
a ISBN 978-5-907302-47-1
b Уточнения в пер.
9 Тираж 10000 экз.
d Цена 1574-00
100 Данные общей обработки __
a Данные общей обработки 20240605d2024 cdey0rusy028902 ca
101 Язык документа 0_
a Язык текста rus
102 Страна публикации __
a Страна публикации RU
105 Кодированные данные (монография) __
a Кодированные данные (монография) a z 000yy
181 Поле кодированных данных: вид содержания _0
a Код вида содержания (ISBD) i
181 Поле кодированных данных: вид содержания _0
a Код вида содержания (ISBD) b
182 Поле кодированных данных: тип средства _0
a Код типа средства (ISBD) n
200 Заглавие и сведения об ответственности 1_
a Заглавие Как строилась Москва
f Первые сведения об ответственности Денис Дроздов
g Последующие сведения об ответственности художник Никита Андреев
203 Вид содержания и тип средства __
a Вид содержания Текст
a Вид содержания Изображение
c Тип средства непосредственные
205 Сведения об издании __
a Основные сведения об издании Улучшенное издание
210 Выходные данные 1_
a Место издания Санкт-Петербург
c Издательство Качели
d Дата издания 2024
215 Физическое описание __
a Объем 79, [1] с.
c Иллюстрации/тип воспроизводства цв. ил.
d Формат 33 см
330 Аннотация __
a Аннотация "Москва не сразу строилась" - гласит русская пословица. Когда Юрий Долгорукий произнес: "Приди ко мне, брате, в Москову" и началась официальная история города, Москва занимала лишь треть современного Кремля. Выгодное расположение на крутой береговой горе при слиянии двух рек предопределило ее стремительный рост. Почти за девять веков своей истории Москва проделала огромный путь от небольшого княжеского сельца до крупнейшего мегаполиса Европы. Книга "Как строилась Москва" состоит из двадцати пяти глав, характеризующих важные периоды становления и развития города - от первой скромной деревянной крепости до монументальных высоток второй половины XX века. Дополненная масштабными иллюстрациями Никиты Андреева, изображающими строение описываемых объектов, и красочным разворотным клапаном, эта книга - уникальный путеводитель, словно машина времени отправляющий читателей по улицам Москвы разных эпох.
606 Тематические рубрики __
2 Код системы nlr_sh
a Основная рубрика История
606 Тематические рубрики __
2 Код системы nlr_sh
a Основная рубрика История России в целом
y Географическая подрубрика Москва
610 Ключевые слова 0_
a Ключевые слова история России
610 Ключевые слова 0_
a Ключевые слова история Москвы
610 Ключевые слова 0_
a Ключевые слова история для детей
610 Ключевые слова 0_
a Ключевые слова детская литература
610 Ключевые слова 0_
a Ключевые слова познавательная литература
610 Ключевые слова 0_
a Ключевые слова архитектура
610 Ключевые слова 0_
a Ключевые слова русские города
686 Индексы других классификаций __
2 Код системы rubbks
a Классификационный индекс мл63.3(2)
700 Автор _1
a Фамилия Дроздов
b Имя Д. П.
g Полное личное имя Денис Петрович
4 Код отношения 070
702 Вторичная интеллектуальная ответственность _1
a Фамилия Андреев
b Имя Н. И.
f Даты 1951-
g Полное личное имя Никита Иванович
4 Код отношения 440
801 Источник записи _0
a Страна RU
b Организация Муниципальное бюджетное учреждение культуры "Централизованная библиотечная система" г. Сургут (Центральная городская библиотека им. А. С. Пушкина)
c Дата составления 20240605
g Правила каталогизации PSBO
801 Источник записи _1
a Страна RU
b Организация Муниципальное бюджетное учреждение культуры "Централизованная библиотечная система" г. Сургут (Центральная городская библиотека им. А. С. Пушкина)
c Дата составления 20240605
g Правила каталогизации PSBO
852 Данные о местонахождении __
i Авторский знак Д 75
j Шифр хранения мл63.3(2)
900 Макрообъекты __
a Макрообъекты Как строилась Москва. Дроздов, Д.., 2024
901 Тип документа __
a Ответственный КиК/Обаева
t Тип документа m
903 Характеристики (МАРС) __
a Дата передачи 20240605
c Наименование библиотеки (МАРС) Муниципальное бюджетное учреждение культуры "Централизованная библиотечная система" г. Сургут (Центральная городская библиотека им. А. С. Пушкина)
969 Тип издания __
a Тип издания издание для детей
990 Данные о заказе (DOS) __
j Количество экземпляров (DOS) 2
t N записи в КСУ для И/У (DOS) 202406